000 00911nam0a2200277 4500
001 RU\NLR\bibl\1094485
005 20250615053424.0
010 _a5-7024-2265-1
_935000
021 _aRU
_b2007-28582
_91520
035 _a(NLR Aleph) 001081605
090 _a1062067
_c1062067
100 _a20070604d2007 |||y0rusy50 ca
101 1 _arus
_cund
102 _aRU
105 _ay |||||||||
200 1 _aПоиграем в любовь?
_eроман
_fЛора Эллиот
210 _aМосква
_cПанорама
_d2007
215 _a189, [1] с.
_d17
225 1 _aПанорама романов о любви
_eпериодический литературно-художественный альманах
_v07-083
700 1 _aЭллиот
_bЛ.
_gЛора
_4070
801 0 _aRU
_bNLR
_c20070604
_gRCR
801 1 _aRU
_bNLR
_c20070604
942 _cBOOK
980 _aNB